Ỷ Thiên đồ long ký
Gorde:
| Egile nagusia: | |
|---|---|
| Formatua: | Liburua |
| Hizkuntza: | Undetermined |
| Argitaratua: |
Hà Nội
Văn học
2002
|
| Gaiak: | |
| Etiketak: |
Etiketa erantsi
Etiketarik gabe, Izan zaitez lehena erregistro honi etiketa jartzen!
|
| Thư viện lưu trữ: | Trung tâm Học liệu Trường Đại học Cần Thơ |
|---|
| LEADER | 00532nam a2200193Ia 4500 | ||
|---|---|---|---|
| 001 | CTU_64712 | ||
| 008 | 210402s9999 xx 000 0 und d | ||
| 020 | |b 80000 | ||
| 082 | |a 895.13 | ||
| 082 | |b K310/T.3 | ||
| 100 | |a Kim Dung | ||
| 245 | 0 | |a Ỷ Thiên đồ long ký | |
| 245 | 0 | |c Kim Dung; Lê Khánh Trường, Lê Việt Anh | |
| 260 | |a Hà Nội | ||
| 260 | |b Văn học | ||
| 260 | |c 2002 | ||
| 650 | |a Chinese fiction | ||
| 904 | |i Tuyến | ||
| 980 | |a Trung tâm Học liệu Trường Đại học Cần Thơ | ||